00489cam a22001337a 4500008004000000082001700040100002200057245009600079260002500175300001200200650003700212999001900249952008700268180718b1956 xxu||||| |||| 00| 0 eng d aA99 T45/Sh29 aShay, Theodore L. aLegacy of the Lokmanya:the political philosophy of Bal Gangadhar Tilakcby Theodore L. Shay aLondonbOxfordc1956 axx,215p aTilak, Bal Gangadhar, 1856-1920. c416095d416095 00104070aIIPAbIIPAd2009-03-12oA99 T45/Sh29p3411r2018-07-21w2018-07-21yBK